MARC

LEADER 00000nam0a2200000 4500
001 40187
005 20231031012355.0
035 |a (RuTPU)RU\TPU\book\41210 
090 |a 40187 
100 |a 20020429d1981 km y0rusy50 ca 
101 0 |a rus 
102 |a RU 
105 |a a z 001zy 
200 1 |a Крепление скважин и разобщение пластов  |f А. А. Гайворонский, А. А. Цыбин 
210 |a Москва  |d 1981  |c Недра 
215 |a 367 с.  |c ил. 
320 |a Библиогр.: с. 360-364. 
610 1 |a скважины 
610 1 |a крепление 
610 1 |a пласты 
610 1 |a конструкции 
610 1 |a оборудование 
610 1 |a цементные растворы 
610 1 |a закачивание 
610 1 |a надежность 
610 1 |a сложные геологические условия 
675 |a 622.245  |v 3 
700 1 |a Гайворонский  |b А. А.  |g Альберт Анатольевич 
701 1 |a Цыбин  |b А. А.  |g Анатолий Андреевич 
801 1 |a RU  |b 63413507  |c 20020429  |g PSBO 
801 2 |a RU  |b 63413507  |c 20160920  |g RCR 
900 |a Автоматизация технологических процессов и производств 
942 |c BK